Intelligent techniques for planning / (Record no. 530122)

000 -LEADER
fixed length control field 01193cam a22003134a 4500
001 - CONTROL NUMBER
control field 13654581
003 - CONTROL NUMBER IDENTIFIER
control field NUST
005 - DATE AND TIME OF LATEST TRANSACTION
control field 20191010154131.0
008 - FIXED-LENGTH DATA ELEMENTS--GENERAL INFORMATION
fixed length control field 040714s2005 paua b 001 0 eng
010 ## - LIBRARY OF CONGRESS CONTROL NUMBER
LC control number 2004016388
020 ## - INTERNATIONAL STANDARD BOOK NUMBER
International Standard Book Number 1591404509
038 ## - RECORD CONTENT LICENSOR
Staff Name MSOHAIL
040 ## - CATALOGING SOURCE
Original cataloging agency DLC
Transcribing agency DLC
Modifying agency DLC
042 ## - AUTHENTICATION CODE
Authentication code pcc
050 00 - LIBRARY OF CONGRESS CALL NUMBER
Classification number QA76.76.E95
Item number I65 2005
082 00 - DEWEY DECIMAL CLASSIFICATION NUMBER
Classification number 006.33
Edition number 22
100 1# - MAIN ENTRY--PERSONAL NAME
Personal name Vlahavas, Ioannis.
9 (RLIN) 23471
245 10 - TITLE STATEMENT
Title Intelligent techniques for planning /
Statement of responsibility, etc. Ioannis Vlahavas, Dimitris Vrakas.
260 ## - PUBLICATION, DISTRIBUTION, ETC.
Place of publication, distribution, etc. Hershey, PA :
Name of publisher, distributor, etc. Idea Group Pub.,
Date of publication, distribution, etc. c2005.
300 ## - PHYSICAL DESCRIPTION
Extent xii, 364 p. :
Other physical details ill. ;
Dimensions 27 cm.
504 ## - BIBLIOGRAPHY, ETC. NOTE
Bibliography, etc. note Includes bibliographical references and index.
650 #0 - SUBJECT ADDED ENTRY--TOPICAL TERM
Topical term or geographic name entry element Expert systems (Computer science)
9 (RLIN) 21983
650 #0 - SUBJECT ADDED ENTRY--TOPICAL TERM
Topical term or geographic name entry element Planning.
9 (RLIN) 2306
700 1# - ADDED ENTRY--PERSONAL NAME
Personal name Vrakas, Dimitris,
Dates associated with a name 1977-
9 (RLIN) 23472
856 41 - ELECTRONIC LOCATION AND ACCESS
Materials specified Table of contents
Uniform Resource Identifier <a href="http://www.loc.gov/catdir/toc/ecip0420/2004016388.html">http://www.loc.gov/catdir/toc/ecip0420/2004016388.html</a>
906 ## - LOCAL DATA ELEMENT F, LDF (RLIN)
a 7
b cbc
c orignew
d 1
e ecip
f 20
g y-gencatlg
942 ## - ADDED ENTRY ELEMENTS (KOHA)
Source of classification or shelving scheme
Koha item type Book
Holdings
Withdrawn status Lost status Source of classification or shelving scheme Damaged status Not for loan Permanent Location Current Location Date acquired Total Checkouts Full call number Barcode Date last seen Price effective from Koha item type
          School of Civil and Environmental Engineering (SCEE) School of Civil and Environmental Engineering (SCEE) 10/10/2019   006.33 NIT-11287 10/10/2019 10/10/2019 Book
          School of Civil and Environmental Engineering (SCEE) School of Civil and Environmental Engineering (SCEE) 10/10/2019   006.33 NIT-11288 10/10/2019 10/10/2019 Book
          School of Civil and Environmental Engineering (SCEE) School of Civil and Environmental Engineering (SCEE) 10/10/2019   006.33 NIT-11289 10/10/2019 10/10/2019 Book
© 2023 Central Library, National University of Sciences and Technology. All Rights Reserved.